| 000 | 00930naa a2200265 c 4500 | ||
|---|---|---|---|
| 001 | 47100 | ||
| 003 | ES-MaCES | ||
| 005 | 20160218093704.0 | ||
| 008 | 160218s2015 sp ||||| t||||||| ||spa d | ||
| 040 |
_aES-MaCES _bspa _cES-MaCES _dES-MaCES |
||
| 100 | 1 |
_936473 _aLópez Serrano, Antonio |
|
| 245 | 1 | 0 |
_aBrecha salarial de género _cAntonio López Serrano |
| 650 | 4 |
_928387 _asalario |
|
| 650 | 4 |
_929458 _adiferencia del salario |
|
| 650 | 4 |
_928388 _adeterminación del salario |
|
| 650 | 4 |
_928657 _amujeres |
|
| 650 | 4 |
_927173 _aderechos de la mujer |
|
| 650 | 4 |
_928413 _atrabajadora |
|
| 650 | 4 |
_927184 _aigualdad de remuneración |
|
| 650 | 4 |
_929521 _adiscriminación por razones de sexo |
|
| 653 | 1 | 0 | _aMujer |
| 773 | 0 |
_984034 _b1ª ed _d[Córdoba] Almuzara 2015 _o086936 _tHablemos de retribución _w(ES-MaCES)47065 _z9788416392599 _gp.81-90 . - SG-7.0.-326 |
|
| 902 | _aARL Artículo de libro | ||
| 942 |
_2CES _cAR _h3.3. |
||
| 999 |
_c47100 _d47100 |
||